00441nam a2200145Ia 4500020001800000082001900018100002100037245007400058260004000132300001200172504001900184650002200203650002900225650004100254 a81-8069-289-2 a302.0954 MIS-P aMisra, Girishwar 0aPsychology and societal development: paradigmatic and social concerns aNew DelhibConcept Publishingc2006 aix, 164 aIncludes index aSocial psychology aSocial psychologyzIndia aSocial changevPsychological aspects